000 01151nam a2200253 a 4500
001 1390241
003 AM-YeHGA
005 20250617165037.0
008 180814s1898 ru a||||r|||||00||0|rus|d
040 _aAM-YeHGA
041 1 _arus
_hfre
100 1 _aВан Мюйден, Бертольд
245 1 0 _aИстория швейцарского народа :
_b[В 4-х томах] /
_cВан-Мюйден ; Пер. с фр. под ред. Э.Л. Радлова.
260 _aСанкт-Петербург :
_bЛ.Ф. Пантелеев,
_c1898 -
300 _aтом
505 1 0 _gТ. 1 (1898, [2], VIII, 419 с., ил.)
_gТ. 2 (1900, [2], X, 444 с., ил.)
_gТ. 3 (1902, [2], 480 с., ил.)
650 1 4 _aИстория
_zШвейцария
650 1 4 _aВнешняя и внутренняя политика
_zШвейцария
650 1 4 _aОбщественный и политический строй Швейцарии
653 0 _aОсвободительные войны - Итальянские войны
700 1 _aРадлов, Эрнест Львович
_eред.
_4edt
942 _2udc
_cBK
090 _c573159
999 _c533732
_d533732